000 00266nam a22001217a 4500
008 170919b xxu||||| |||| 00| 0 eng d
041 _aeng
080 _a7
100 _a44
101 _aART
245 _aLITTLE PICTURES OF JAPAN
_cMILLER.O.B
942 _2udc
_cBK
999 _c28173
_d28173